Banki w Rosji

Salvato in:
Dettagli Bibliografici
Autore principale: Ociepka, Marek
Natura: Libro
Lingua:polacco
Pubblicazione: Warszawa Klub Wschodni 1998
Serie:Biblioteka Bankowca
Soggetti:
Tags: Aggiungi Tag
Nessun Tag, puoi essere il primo ad aggiungerne!!

MARC

LEADER 00000nam a2200000 4500
001 c121958
005 20221109093201.9
020 |a 83-85946-72-1 
041 0 |a pol 
044 |a PL 
245 1 0 |a Banki w Rosji  |c Marek Ociepka 
264 1 |a Warszawa  |b Klub Wschodni  |c 1998 
300 |a 250 s. 
490 1 |a Biblioteka Bankowca 
830 0 |a Biblioteka Bankowca 
610 2 0 |a banky 
610 2 0 |a trh finančný 
610 2 0 |a politika finančná 
610 2 0 |a obchody bankové 
610 2 0 |a Rusko 
100 1 |a Ociepka, Marek